Statistics for Most Populous Countries with No FIFA World Cup Appearances

Click here to take the quiz!

General Stats

  • This quiz has been taken 102 times
    (55 since last reset)
  • The average score is 8 of 12

Answer Stats

PopulationTeam% Correct
1,417 milIndia
100%
233 milPakistan
82%
169 milBangladesh
76%
114 milPhilippines
71%
70 milThailand
69%
123 milEthiopia
67%
100 milVietnam
67%
65 milTanzania
63%
47 milSudan
61%
55 milMyanmar
55%
57 milKenya
53%
50 milUganda
43%

Score Distribution

Percentile by Number Answered

Percent of People with Each Score

Your Score History

You have not taken this quiz since the last reset